Encanto /
Filmový příběh o neobyčejné rodině Madrigalů převeden do komiksového příběhu.
Uloženo v:
| Korporativní autor: | |
|---|---|
| Další autoři: | |
| Médium: | E-kniha |
| Jazyk: | Czech |
| Vydáno: |
V Praze :
Egmont,
2022
|
| Vydání: | První vydání |
| Edice: | Disney comics (Egmont)
|
| Témata: | |
| Tagy: |
Žádné tagy |
| LEADER | 02884nam a2200589 i 4500 | ||
|---|---|---|---|
| 001 | 311774 | ||
| 003 | CZ PrSKC | ||
| 005 | 20260601215711.0 | ||
| 007 | ta | ||
| 008 | 221128s2022 xr a b 6 000 j cze | ||
| 015 | |a cnb003473357 | ||
| 020 | |a 9788025254370 |q (vázáno) : |c Kč 199,00 | ||
| 035 | |a (OCoLC)1357140292 | ||
| 040 | |a ABG001 |b cze |d BOA001 |e rda | ||
| 041 | 1 | |a cze |h eng | |
| 072 | 7 | |a 741.52 |x Komiksy. Komiksové adaptace |2 Konspekt | |
| 072 | 7 | |a 821-93 |x Literatura pro děti a mládež (beletrie) |2 Konspekt | |
| 080 | |a 741.52(0:82-322.9) |2 MRF | ||
| 080 | |a 821-93 |2 MRF | ||
| 080 | |a 741.52(0.046.6) |2 MRF | ||
| 080 | |a (084.122)791.228 |2 MRF | ||
| 130 | 0 | |a Encanto. |l Česky | |
| 245 | 1 | 0 | |a Encanto / |c Disney ; z anglického originálu přeložila Vendula Kolašínová |
| 250 | |a První vydání | ||
| 264 | 1 | |a V Praze : |b Egmont, |c 2022 | |
| 300 | |a 56 nečíslovaných stran : |b barevné ilustrace ; |c 24 cm | ||
| 336 | |a text |b txt |2 rdacontent | ||
| 336 | |a statický obraz |b sti |2 rdacontent | ||
| 337 | |a bez média |b n |2 rdamedia | ||
| 338 | |a svazek |b nc |2 rdacarrier | ||
| 490 | 1 | |a Disney comics | |
| 500 | |a Obálkový podnázev: filmový příběh jako komiks | ||
| 520 | 2 | |a Filmový příběh o neobyčejné rodině Madrigalů převeden do komiksového příběhu. |b Madrigalovi jsou neobyčejná rodina, která žije v kouzelném domě na úžasném, čarovném místě zvaném Encanto. Magie Encanta obdařila každé dítě v rodině jedinečným darem, od nadlidské síly až po schopnost léčit. Každé dítě, kromě jednoho - Mirabel. Když si ale dívka všimne, že se magie obklopující Encanto začíná vytrácet, uvědomí si, že by to mohla být právě ona, obyčejná Mirabel, kdo může vše zachránit a vrátit své výjimečné rodině naději. Nakladatelská anotace. | |
| 521 | 8 | |a Pro čtenáře od 7 let | |
| 546 | |a Český text | ||
| 655 | 7 | |a fantasy komiksy |7 fd1057473 |2 czenas | |
| 655 | 7 | |a komiksové adaptace |7 fd1057342 |2 czenas | |
| 655 | 7 | |a animované filmy |7 xx0137882 |2 czenas | |
| 655 | 7 | |a publikace pro děti |7 fd133156 |2 czenas | |
| 655 | 9 | |a fantasy comics |2 eczenas | |
| 655 | 9 | |a comics adaptations |2 eczenas | |
| 655 | 9 | |a animated films |2 eczenas | |
| 655 | 9 | |a children's literature |2 eczenas | |
| 700 | 1 | |a Kolašínová, Vendula |4 trl | |
| 710 | 2 | |a Walt Disney Enterprises |7 ko2002113163 |4 aut | |
| 830 | 0 | |a Disney comics (Egmont) | |
| 900 | |a ABA001 |b 20 | ||
| 928 | 9 | |a Albatros Media - Egmont | |
| 044 | |a xr | ||
| 910 | |a RBIT002 | ||
| 998 | |d 364590 |a https://core.palmknihy.cz/api/books/364590/cover?seoot1 |b https://core.palmknihy.cz/api/books/364590/cover/400?seoot1 |c https://core.palmknihy.cz/api/books/364590/cover/50?seoot1 |e 2026-12-31 |g 56 |i 9788025254370 |k https://core.palmknihy.cz/api/books/364590/preview.pdf |l |q 49 |r 1 |s https://www.palmknihy.cz/kniha/364590 |t ebook |y 2022 |z 0 | ||
| 999 | |d 311772 | ||